[Event "Reunion op 12th"]
[Site "St Denis"]
[Date "2010.10.10"]
[Round "3"]
[White "Lorans, Julie"]
[Black "Nassau, Jean Bertrand"]
[Result "0-1"]
[WhiteElo "1270"]
[BlackElo "1510"]
[PlyCount "48"]
[EventDate "2010.10.09"]
[EventType "swiss"]
[EventRounds "9"]
[EventCountry "RUF"]
[SourceTitle "CBM 138 Extra"]
[Source "ChessBase"]
[SourceDate "2010.10.29"]
[SourceVersion "1"]
[SourceVersionDate "2010.10.29"]
[SourceQuality "1"]

1. d4 d5 2. c4 e6 3. Bf4 Nf6 4. Nc3 c5 5. e3 Bd6 6. Bxd6 Qxd6 7. Bd3 0-0 8. Nf3 dxc4 9. Bxc4 cxd4 10. Nxd4 Qb4 11. Qb3 Qxb3 12. Bxb3 e5 13. Ndb5 a6 14. Nc7 Ra7 15. N7d5 Nbd7 16. Ne7+ Kh8 17. Nxc8 Rxc8 18. Bxf7 Nc5 19. Bc4 b5 20. Be2 b4 21. Nb1 Nd3+ 22. Kd2 Nxf2 23. Rf1 N6e4+ 24. Ke1 Rc1+ 0-1

[Event "Reunion op 12th"]
[Site "St Denis"]
[Date "2010.10.09"]
[Round "1"]
[White "Lorans, Julie"]
[Black "Balaine, Oliver"]
[Result "0-1"]
[WhiteElo "1270"]
[BlackElo "1735"]
[PlyCount "98"]
[EventDate "2010.10.09"]
[EventType "swiss"]
[EventRounds "9"]
[EventCountry "RUF"]
[SourceTitle "CBM 138 Extra"]
[Source "ChessBase"]
[SourceDate "2010.10.29"]
[SourceVersion "1"]
[SourceVersionDate "2010.10.29"]
[SourceQuality "1"]

1. d4 d5 2. Nc3 Nf6 3. Nf3 Bf5 4. Bf4 a6 5. Ne5 e6 6. e3 c5 7. dxc5 Bxc5 8. Be2 Bb4 9. 0-0 Qa5 10. Qd2 Bxc3 11. bxc3 Ne4 12. Qd4 Nxc3 13. Bd3 Bxd3 14. Qxd3 f6 15. Nf3 e5 16. Bg3 e4 17. Qd2 exf3 18. gxf3 0-0 19. Rab1 Nc6 20. Rb3 Na4 21. Qxa5 Nxa5 22. Rb4 Nc3 23. Bd6 Rf7 24. Re1 Nc4 25. Bg3 Nxa2 26. Ra4 Nc3 27. Rb4 Rc8 28. e4 a5 29. Rb3 Nd2 30. Ra3 Nxf3+ 31. Kf1 Nxe1 32. Kxe1 Nxe4 33. Rxa5 Nxg3 34. fxg3 Rxc2 35. Rxd5 Rxh2 36. Rd3 b5 37. Rb3 Ra7 38. Rd3 Ra1+ 39. Rd1 Rh1+ 40. Ke2 Raxd1 41. Ke3 b4 42. Kf3 b3 43. g4 b2 44. Kf4 b1Q 45. g5 Rd4+ 46. Ke3 Qe4+ 47. Kf2 Rh2+ 48. Kg3 Rg2+ 49. Kh3 Rd3# 0-1

[Event "Reunion op 10th"]
[Site "St Denis"]
[Date "2008.10.13"]
[Round "4"]
[White "Payet, Daniel"]
[Black "Lorans, Julie"]
[Result "1-0"]
[WhiteElo "1440"]
[BlackElo "1070"]
[PlyCount "39"]
[EventDate "2008.10.11"]
[EventType "swiss"]
[EventRounds "9"]
[EventCountry "RUF"]
[SourceTitle "EXT 2009"]
[Source "ChessBase"]
[SourceDate "2008.11.26"]
[SourceVersion "1"]
[SourceVersionDate "2008.11.26"]
[SourceQuality "1"]

1. e4 e5 2. f4 Nc6 3. Nf3 d5 4. exd5 Qxd5 5. Nc3 Qd6 6. Bc4 Nd4 7. fxe5 Qg6 8. 0-0 Nxf3+ 9. Qxf3 Bc5+ 10. Kh1 Bd4 11. Bxf7+ Kd7 12. Bxg6 hxg6 13. Qd5+ Ke8 14. Qxd4 Bf5 15. d3 Ne7 16. Bg5 Nc6 17. Qc5 Rh5 18. h4 b6 19. Qxc6+ Kf8 20. Qxa8+ 1-0

[Event "Reunion op 09th"]
[Site "Reunion"]
[Date "2007.10.19"]
[Round "6"]
[White "Cornelis, Koffi"]
[Black "Lorans, Julie"]
[Result "1-0"]
[WhiteElo "1180"]
[BlackElo "1020"]
[PlyCount "77"]
[EventDate "2007.10.14"]
[EventType "swiss"]
[EventRounds "9"]
[EventCountry "RUF"]
[SourceTitle "EXT 2012"]
[Source "ChessBase"]
[SourceDate "2011.11.24"]
[SourceVersion "1"]
[SourceVersionDate "2011.11.24"]
[SourceQuality "1"]

1. e4 e5 2. Nf3 Nc6 3. Bb5 Bd6 4. d4 a6 5. Bxc6 dxc6 6. dxe5 Bc5 7. Qxd8+ Kxd8 8. Bg5+ Ne7 9. Nc3 f6 10. exf6 gxf6 11. 0-0-0+ Bd6 12. e5 fxe5 13. Nxe5 b5 14. Nf7+ Kd7 15. Nxh8 Bb7 16. Rhe1 Rxh8 17. Bxe7 c5 18. Bf6 Rf8 19. Nd5 b4 20. Be7 Re8 21. Bxd6 cxd6 22. Nf6+ Kd8 23. Rxd6+ Kc7 24. Nxe8+ Kb8 25. Rd8+ Ka7 26. Re6 c4 27. f4 b3 28. cxb3 cxb3 29. axb3 a5 30. f5 a4 31. bxa4 h5 32. f6 h4 33. f7 h3 34. gxh3 Bd5 35. Rxd5 Kb7 36. f8Q Kc8 37. Qc5+ Kb7 38. Qc7+ Ka8 39. Ra6# 1-0

[Event "Reunion op 09th"]
[Site "Reunion"]
[Date "2007.10.15"]
[Round "3"]
[White "Dupuy, Sara"]
[Black "Lorans, Julie"]
[Result "1-0"]
[WhiteElo "1250"]
[BlackElo "1020"]
[PlyCount "63"]
[EventDate "2007.10.14"]
[EventType "swiss"]
[EventRounds "9"]
[EventCountry "RUF"]
[SourceTitle "EXT 2012"]
[Source "ChessBase"]
[SourceDate "2011.11.24"]
[SourceVersion "1"]
[SourceVersionDate "2011.11.24"]
[SourceQuality "1"]

1. e4 e5 2. Nf3 Nc6 3. d3 Bc5 4. Be2 d6 5. 0-0 Bg4 6. Bg5 Nge7 7. Nc3 h6 8. Nd5 hxg5 9. Nxg5 Bxe2 10. Qxe2 Nxd5 11. exd5 Nd4 12. Qd2 Qe7 13. c3 Nf5 14. b4 Bb6 15. a4 a6 16. a5 Ba7 17. Rfe1 0-0-0 18. Rab1 f6 19. Ne6 Rde8 20. c4 g5 21. b5 axb5 22. cxb5 Ng7 23. a6 Nxe6 24. dxe6 Qxe6 25. axb7+ Kxb7 26. Qa5 f5 27. Qa6+ Kb8 28. Ra1 f4 29. Qxa7+ Kc8 30. b6 cxb6 31. Rec1+ Kd8 32. Qc7# 1-0